000 01628nam a22002177a 4500
003 St Aloysius Coll
005 20260305181718.0
008 260227b |||||||| |||| 00| 0 eng d
020 _a9781009594653
040 _cAL
041 _aEnglish
082 _a537
_bTONE
100 _aDavid Tong
_9257118
245 _aElectromagnetism
_b: lectures on theoretical physics Vol 2
260 _aNew York
_bCmbridge Univrsity Press
_c2025
300 _axii, 437p.
_bPB
_c25x17.5cm
365 _2General
_a6287
_b₹2806.00
_c
_d₹3507.00
_e20%
_f24/02/2026
520 _aThere are four forces in our universe. Two act only at the very smallest scales and one only at the very biggest. For everything in between, there is electromagnetism. The theory of electromagnetism is described by four gloriously simple and beautiful vector calculus equations known as the Maxwell equations. These are the first genuinely fundamental equations that we meet in our physics education, and they survive, essentially unchanged, in our best modern theories of physics. They also serve as a blueprint for what subsequent laws of physics look like. This textbook takes us on a tour of the Maxwell equations and their many solutions. It starts with the basics of electric and magnetic phenomena and explains how their unification results in waves that we call light. It then describes more advanced topics such as superconductors, monopoles, radiation, and electromagnetism in matter. The book concludes with a detailed review of the mathematics of vector calculus.
650 _2Electricity and Electronics
_aPhysics
_9257119
942 _2ddc
_cBK
999 _c240969
_d240969